| 000 -LEADER |
| fixed length control field |
01585cam a2200361 i 4500 |
| 001 - CONTROL NUMBER |
| control field |
2775621 |
| 003 - CONTROL NUMBER IDENTIFIER |
| control field |
Nust |
| 005 - DATE AND TIME OF LATEST TRANSACTION |
| control field |
20170320135342.0 |
| 008 - FIXED-LENGTH DATA ELEMENTS--GENERAL INFORMATION |
| fixed length control field |
800814s1980 dcua b i001 0 eng |
| 010 ## - LIBRARY OF CONGRESS CONTROL NUMBER |
| LC control number |
80121527 |
| 020 ## - INTERNATIONAL STANDARD BOOK NUMBER |
| International Standard Book Number |
817473310-8 |
| 040 ## - CATALOGING SOURCE |
| Original cataloging agency |
DLC |
| Transcribing agency |
ASAB |
| Modifying agency |
DLC |
| 041 1# - LANGUAGE CODE |
| Language code of text/sound track or separate title |
engspa |
| 050 00 - LIBRARY OF CONGRESS CALL NUMBER |
| Classification number |
RA10 |
| Item number |
.P252 no. 354 |
| Classification number |
RC113.5 |
| 082 00 - DEWEY DECIMAL CLASSIFICATION NUMBER |
| Classification number |
362.1/09181/2 s |
| -- |
616.9 |
| Edition number |
19 |
| 100 1# - MAIN ENTRY--PERSONAL NAME |
| Personal name |
Acha, Pedro N. |
| 240 10 - UNIFORM TITLE |
| Uniform title |
Zoonoses |
| Language of a work |
English |
| 245 10 - TITLE STATEMENT |
| Title |
Zoonoses and communicable diseases common to man and animals / |
| Statement of responsibility, etc. |
Pedro N. Acha, Boris Szyfres. |
| 250 ## - EDITION STATEMENT |
| Edition statement |
3rd edition |
| 260 ## - PUBLICATION, DISTRIBUTION, ETC. |
| Place of publication, distribution, etc. |
Washington, D.C. : |
| Name of publisher, distributor, etc. |
Pan American Health Organization, Pan American Sanitary Bureau, Regional Office of the World Health Organization, |
| Date of publication, distribution, etc. |
2006 |
| 300 ## - PHYSICAL DESCRIPTION |
| Extent |
xv, 700 p. : |
| Other physical details |
ill. ; |
| Dimensions |
24 cm. |
| 490 1# - SERIES STATEMENT |
| Series statement |
Scientific publication - Pan American Health Organization ; no. 354 |
| 500 ## - GENERAL NOTE |
| General note |
Translation of Zoonoses y enfermedades transmisibles comunes al hombre y a los animales. |
| 504 ## - BIBLIOGRAPHY, ETC. NOTE |
| Bibliography, etc. note |
Includes bibliographies and index. |
| 650 #0 - SUBJECT ADDED ENTRY--TOPICAL TERM |
| Topical term or geographic name entry element |
Zoonoses. |
| 650 #0 - SUBJECT ADDED ENTRY--TOPICAL TERM |
| Topical term or geographic name entry element |
Communicable diseases. |
| 650 #0 - SUBJECT ADDED ENTRY--TOPICAL TERM |
| Topical term or geographic name entry element |
Communicable diseases in animals. |
| 700 1# - ADDED ENTRY--PERSONAL NAME |
| Personal name |
Szyfres, Boris, |
| Relator term |
joint author. |
| 710 2# - ADDED ENTRY--CORPORATE NAME |
| Corporate name or jurisdiction name as entry element |
Pan American Health Organization. |
| 830 #0 - SERIES ADDED ENTRY--UNIFORM TITLE |
| Uniform title |
Publicaciones cientÃficas (Washington, D.C.) ; |
| Volume/sequential designation |
no. 354. |
| 906 ## - LOCAL DATA ELEMENT F, LDF (RLIN) |
| a |
7 |
| b |
cbc |
| c |
orignew |
| d |
2 |
| e |
ncip |
| f |
19 |
| g |
y-gencatlg |
| 942 ## - ADDED ENTRY ELEMENTS (KOHA) |
| Source of classification or shelving scheme |
|
| Koha item type |
Book |